000 00428nam a22001697a 4500
003 SGT
020 _a9788195562817
082 _a150
_bL22S
100 _aSINGH, ANKITA
245 _aLIFE SPAN DEVELOPMENT PSYCHOLOGY
250 _a1ST
260 _aINDIA
_bAAVISHKAR PUB
_c2017
300 _a294
650 _aPSYCHOLOGY
653 _aLIFE SPAN DEVELOPMENT PSYCHOLOGY
_aSGT UNIVERSITY FACULTY PUBLICATION
942 _2ddc
_cBK
999 _c33126
_d33126